Loading...
| Literature - World | 3 | 1 | 0 | 0 | 55 | 55 | 71.25 | 3 | 4 | 22.88 | 40.28 |
| Literature - European | 0 | 3 | 0 | 1 | 30 | 92 | 116.33 | 0 | 1 | 7.21 | 19.44 |
| Mythology | 0 | 2 | 0 | 1 | 20 | 97 | 110.00 | 0 | 1 | 3.09 | 8.33 |
| Fine Arts - Classical Music | 0 | 2 | 0 | 2 | 20 | 115 | 116.00 | 0 | 0 | 0.09 | 5.56 |
| Literature - American | 2 | 0 | 2 | 0 | 20 | 44 | 52.50 | 2 | 2 | 13.86 | 22.22 |
| Literature - British | 0 | 4 | 4 | 2 | 20 | 77 | 115.75 | 0 | 1 | 7.97 | 20.83 |
| Current Events | 0 | 1 | 0 | 0 | 10 | 48 | 48.00 | 1 | 1 | 30.33 | 50.00 |
| Geography | 0 | 1 | 0 | 0 | 10 | 70 | 70.00 | 0 | 1 | 11.11 | 15.63 |
| Philosophy | 0 | 1 | 0 | 0 | 10 | 67 | 67.00 | 0 | 1 | 5.06 | 5.56 |
| Science - Chemistry | 0 | 1 | 0 | 0 | 10 | 96 | 96.00 | 0 | 0 | 0.34 | 1.39 |
| Social Science | 0 | 1 | 0 | 0 | 10 | 88 | 88.00 | 0 | 0 | 3.70 | 5.56 |
| Mathematics | 0 | 0 | 1 | 0 | -5 | 0.00 | 0 | 0 | 0.00 | 0.00 | |
| Science - Other | 0 | 0 | 1 | 0 | -5 | 0.00 | 0 | 0 | 0.00 | 0.00 | |
| Science - Physics | 0 | 0 | 2 | 0 | -10 | 0.00 | 0 | 0 | 0.00 | 0.00 |